All Island Nations - Statistics

General Stats
  • This quiz has been taken 92 times
    51 since last reset
  • The average score is 35 of 47
Answer Stats
Answer % Correct
Cape Verde
85%
Fiji
85%
Malta
85%
Samoa
85%
Tonga
85%
Tuvalu
85%
Comoros
82%
Madagascar
82%
Mauritius
82%
Nauru
82%
New Zealand
82%
Palau
82%
Seychelles
82%
Vanuatu
82%
Cyprus
79%
Federated States of Micronesia
79%
Japan
79%
Kiribati
79%
Marshall Islands
79%
Solomon Islands
79%
Cuba
77%
Dominica
77%
Iceland
77%
Ireland
77%
Maldives
77%
São Tomé and Príncipe
77%
Sri Lanka
77%
Taiwan
77%
United Kingdom
77%
Dominican Republic
74%
Haiti
74%
Indonesia
74%
Jamaica
74%
Bahamas
72%
East Timor
72%
Singapore
72%
Antigua and Barbuda
69%
Brunei
69%
Trinidad and Tobago
69%
Barbados
67%
Grenada
67%
Papua New Guinea
67%
Saint Lucia
62%
Bahrain
56%
Saint Kitts and Nevis
51%
Saint Vincent and the Grenadines
51%
Philipines
36%
No matching quizzes found
Score Distribution
Percent of People with Each Score
Percentile by Number Answered
Your Score History
You have not taken this quiz since the last reset